| 000 | 00541 a2200253 4500 | ||
|---|---|---|---|
| 260 | _aParis | ||
| 630 | _a657 - Comptabilité | ||
| 037 | _b1, Achat | ||
| 650 | _a6 - SCIENCES APPLIQUEES | ||
| 100 | _aColasse, Bernard | ||
| 260 | _bEconomica | ||
| 245 | _aComptabilité générale | ||
| 300 | _a430 p. | ||
| 650 | _aComptabilité | ||
| 260 | _c1996 | ||
| 300 | _b24cm | ||
| 100 | _lFr | ||
| 037 | _aDE 8716 | ||
| 440 | _aCollection Gestion | ||
| 250 | _a5e éd. | ||
| 020 | _a2-7178-3093-6 | ||
| 999 |
_c42024 _d42024 |
||